Eglise et société économique : l'enseignement social des Papes de Léon XIII à Pie XII /

Guardat en:
Dades bibliogràfiques
Autor principal: Calvez, Jean-Yves (autor)
Altres autors: Perrin, Jacques (autor) (autor)
Format: Llibre
Idioma:francès
Publicat: París, Francia : Aubier-Montaigne, 1961, c1959
Etiquetes: Afegir etiqueta
Sense etiquetes, Sigues el primer a etiquetar aquest registre!

MARC

LEADER 00000nam^a2200000^a^4500
001 000629743
005 20260407000000.0
009 20260408133316.562
037 |a Acervo ITESO - Biblioteca 
041 |a FRA 
091 |a FOB. 04312 
100 |a Calvez, Jean-Yves  |e (autor) 
245 1 0 |a Eglise et société économique :  |b l'enseignement social des Papes de Léon XIII à Pie XII / 
264 4 |a París, Francia :  |b Aubier-Montaigne,  |c 1961, c1959 
300 |a 578 p. 
336 |a texto  |b txt  |2 rdacontenido 
337 |a sin mediación  |b n  |2 rdamedio 
338 |a volumen  |b nc  |2 rdasoporte 
649 |a XX 
700 |a Perrin, Jacques  |e (autor) 
910 |a Fondo Carlos de Obeso Orendain 
920 |a Impresos - Libros 
930 |a Fondos Especiales 
905 |a 147 
901 |a 629743-10  |b IT2  |c ESP  |i D  |u 20260407 
902 |a https://opac.biblio.iteso.mx/vufind/Record/000629743